Каучук. № 201(1250) (Запись № 9998445)

Подробности
000 -МАРКЕР
контрольное поле 01424nam2a2200289 4500
001 - ИДЕНТИФИКАТОР ЗАПИСИ
контрольное поле RU\NLR\DIGIT\32475
005 - ИДЕНТИФИКАТОР ВЕРСИИ
контрольное поле 20250613202432.0
035 ## - ДРУГИЕ СИСТЕМНЫЕ НОМЕРА
Идентификатор записи (NLR Aleph) 010120808
100 ## - ДАННЫЕ ОБЩЕЙ ОБРАБОТКИ
Данные общей обработки 20060404j19390908|||y0rusy50 ca
101 0# - ЯЗЫК РЕСУРСА
Язык текста, звукозаписи и т.д. русский
102 ## - СТРАНА ПУБЛИКАЦИИ ИЛИ ПРОИЗВОДСТВА
Страна публикации Российская Федерация
135 ## - ПОЛЕ КОДИРОВАННЫХ ДАННЫХ: ЭЛЕКТРОННЫЕ РЕСУРСЫ
Кодированные данные для электронного ресурса crbn 001aaaup
200 1# - ЗАГЛАВИЕ И СВЕДЕНИЯ ОБ ОТВЕТСТВЕННОСТИ
Основное заглавие № 201(1250)
210 ## - ПУБЛИКАЦИЯ, РАСПРОСТРАНЕНИЕ И ДР.
Место издания, распространения и т.д. Воронеж
Место изготовления Тип. ОМП ВО
Дата издания, распространения и т.д. 8 сентября 1939
215 ## - ФИЗИЧЕСКАЯ ХАРАКТЕРИСТИКА
Специфическое обозначение материала и объем 2 с.
325 ## - ПРИМЕЧАНИЕ О КОПИИ
Текст примечания Kauchuk_1939_N201
325 ## - ПРИМЕЧАНИЕ О КОПИИ
Текст примечания Копия доступна в Электрон. б-ке РНБ http://vivaldi.nlr.ru/pn000004208/view
461 #0 - УРОВЕНЬ НАБОРА
Встроенное поле 001RU\NLR\DIGIT\31354
-- 2001#$aКаучук$eОрган бюро парторганизации, завкома и дирекции завода СК-2 им. С.М. Кирова$v№ 201(1250)
-- 210##$aВоронеж$d1939
Системный номер (АБИС) связанной записи 9995020
Автор "Воронежсинтезкаучук", открытое акционерное общество
Место публикации Воронеж
Дата публикации 1933 - 1941
Сведения, относящиеся к заглавию Газета партколлектива ВКП (б) и завкома завода СК-2
Заглавие Каучук
Номер тома № 201(1250)
700 #1 - ИМЯ ЛИЦА - ПЕРВИЧНАЯ ОТВЕТСТВЕННОСТЬ
Начальный элемент ввода Поправкин
Часть имени, кроме начального элемента ввода А.Н.
Код отношения Редактор
801 #2 - ИСТОЧНИК ЗАПИСИ
Страна Российская Федерация
Организация NLR
Дата составления 20070626
Источник данных rusmarc
852 ## - МЕСТОНАХОЖДЕНИЕ И ШИФР ХРАНЕНИЯ
Идентификатор организации NLR
Шифр хранения (Call Number) Р 19316
942 ## - ДОПОЛНИТЕЛЬНЫЕ ЭЛЕМЕНТЫ ЗАПИСИ (АБИС)
Тип экземпляра АБИС Выпуск газеты
980 ## - КОЛЛЕКЦИЯ
Название коллекции Национальная библиография
981 36 - КОЛЛЕКЦИЯ ЭЛЕКТРОННОЙ БИБЛИОТЕКИ
Название коллекции Цифровой репозиторий РНБ
981 27 - КОЛЛЕКЦИЯ ЭЛЕКТРОННОЙ БИБЛИОТЕКИ
Название коллекции Периодические издания
Название подколлекции Газеты

Нет доступных экземпляров.